000
00239nam a2200097Ia 4500
001
689237
005
20250826161630.0
008
250824s9999 xx 000 0 und d
245
0
_a
MAHPEYKER KÖSEM SULTAN
_c
MEHMET IŞIK
260
_b
YEDİVEREN
999
_c
689237
_d
689237